00796nam a2200193 i 4500001000700000003000900007005001700016007000300033008004100036020001800077080003800095245025500133260005300388300003000441500004300471600003300514700002200547852003300569106604ES-MaACL20230906184220.0t|061205s1991 fr ||||1| fre d a2-11-002486-0 a7.072 Winckelmann, Johann Joachim00aWinckelmann: la naissance de l'histoire de l'art á l'époque des Lumièresb: Actes du cycle de conférences prononcées á l'Auditorium du Louvre du 11 décembre 1989 au 12 février 1990 / csous la direction scientifique d'Edouard Pommier. aParis : bLa Documentation Française, c[1991] a239 p. : bil. ; c24 cm. aBiblioteca Jacinto Martínez Lacalle.14aWinckelmann, Johann Joachim.1 aPommier, Edouard. aES-MaACLjE-11421 bR.139140